| 000 | 00775nam a2200229Ia 4500 | ||
|---|---|---|---|
| 003 | OSt | ||
| 005 | 20251021154809.0 | ||
| 008 | 220930b |||||||| |||| 00| 0 eng d | ||
| 020 | _a8175201320 (pbk) | ||
| 037 | _cReference Collections | ||
| 040 |
_aCRL _cCRL _beng |
||
| 041 |
_2eng _aeng |
||
| 084 |
_aAa494,12,P10 Q6 _bCRL |
||
| 100 |
_aYoud Vir Singh _9569003 |
||
| 245 | 0 | _aBibliography of doctoral dissertation science & technology 2010 | |
| 260 |
_aNew Delhi, India: _bAssociation of Indian, _c2016. |
||
| 300 |
_aix, 242p. _ccm. |
||
| 650 |
_aSCIENCE _9849030 |
||
| 700 |
_a Pani S Rama Devi _9569004 |
||
| 942 |
_hAa494,12,P10, Q6(RR) _cref _2CC _n0 |
||
| 999 |
_c909659 _d909659 |
||